Normal view
MARC view
Entry Personal Name
001 - CONTROL NUMBER
- control field: 43923
003 - CONTROL NUMBER IDENTIFIER
- control field: ARRUPE
005 - DATE AND TIME OF LATEST TRANSACTION
- control field: 20190109145204.0
008 - FIXED-LENGTH DATA ELEMENTS
- fixed length control field: 190109|| aca||aabn | a|a d
040 ## - CATALOGING SOURCE
- Original cataloging agency: ARRUPE
- Transcribing agency: ARRUPE
100 ## - HEADING--PERSONAL NAME
- Personal name: Bourlière, François,
- Dates associated with a name: 1913-
- Relator term: joint ed.
670 ## - SOURCE DATA FOUND
- Source citation: Work cat.: (ARRUPE)0: Howell, Francis Clark, (ed.) 43916, African ecology and human evolution,, [1963]